| 000 -NÁVESTIE |
| fixed length control field |
00685nam a22002052a 4500 |
| 001 - EVIDENČNÉ ČÍSLO ZÁZNAMU - Kontrolné číslo |
| control field |
000063828 |
| 005 - DÁTUM A ČAS POSLEDNEJ TRANSAKCIE |
| control field |
20220823091117.0 |
| 008 - ÚDAJE S PEVNOU DĹŽKOU – VŠEOBECNÉ INFORMÁCIE |
| fixed length control field |
010907s1992 xr f cze d |
| 020 ## - MEDZINÁRODNÉ ŠTANDARDNÉ ČÍSLO KNIHY (ISBN) |
| Zrušené/neplatné ISBN |
80-85-385-13-19 |
| 040 ## - ZDROJ KATALOGIZÁCIE |
| Pôvodná katalogizujúca agentúra |
BOA001 |
| Jazyk katalogizácie |
cze |
| Prepisujúca agentúra |
sk |
| 080 ## - ČÍSLO MEDZINÁRODNÉHO DESATINNÉHO TRIEDENIA (MDT) |
| Číslo Medzinárodného desatinného triedenia (MDT) |
159.961 |
| Identifikátor vydania |
MRF |
| 100 1# - OSOBNÉ MENÁ – VŠEOBECNÉ INFORMÁCIE |
| Osobné meno |
Kafka, Břetislav, |
| Dátumy súvisiace s menom |
1891-1967 |
| -- |
3266 |
| 245 10 - NÁZOV |
| Názov |
Parapsychologie / |
| Údaj o zodpovednosti atď. |
Břetislav Kafka |
| 250 ## - ÚDAJ O PORADÍ VYDANIA |
| Údaj o poradí vydania |
1. vyd. |
| 260 ## - VYDAVATEĽSKÉ ÚDAJE, DISTRIBÚCIA ATĎ. |
| Miesto publikovania, distribúcie atď. |
Praha : |
| Názov vydavateľa, distibútora atď. |
Road, |
| Dátum publikovania, distribúcie atď. |
1992 |
| 300 ## - FYZICKÝ POPIS |
| Rozsah |
314 s., il. na příl. |
| 490 1# - EDÍCIA |
| Edícia |
Psyché |
| 500 ## - VŠEOBECNÁ POZNÁMKA |
| Formátovaná poznámka o obsahu |
Dostupné též v digitální podobě v aplikaci Kramerius |
| 856 41 - ELEKTRONICKÁ LOKÁCIA A PRÍSTUP |
| Uniformný identifikátor zdroja |
<a href="http://www.digitalniknihovna.cz/mzk/uuid/uuid:a5139780-4b11-11e5-8851-005056827e51">http://www.digitalniknihovna.cz/mzk/uuid/uuid:a5139780-4b11-11e5-8851-005056827e51</a> |
| Text prepojenia |
Digitalizovaný dokument |